Największe Miasta w Niemczech pod względem ludności w 1990 roku - Statystyki

Ogólne statystyki
  • Ten quiz został rozwiązany 18 razy
  • Średni wynik to 18 z 30
Statystyki odpowiedzi
Populacja Miasto % Poprawnych
3 433 695 Berlin
100%
1 229 026 Monachium
100%
1 652 363 Hamburg
94%
644 865 Frankfurt Nad Menem
88%
953 551 Kolonia
88%
292 234 Bonn
82%
599 055 Dortmund
82%
490 571 Drezno
82%
511 079 Lipsk
82%
551 219 Brema
76%
575 794 Düsseldorf
76%
579 988 Stuttgart
76%
493 692 Norymberga
71%
396 486 Bochum
65%
626 973 Essen
65%
513 010 Hanower
65%
319 037 Bielefeld
59%
535 447 Duisburg
59%
256 877 Augsburg
47%
294 244 Chemnitz
41%
259 436 Mönchengladbach
41%
383 660 Wuppertal
41%
310 234 Halle
35%
278 807 Magdeburg
35%
293 714 Gelsenkirchen
29%
259 438 Münster
29%
260 301 Wiesbaden
29%
275 061 Karlsruhe
24%
258 833 Brunszwik
18%
310 411 Manheim
18%
Nie znaleziono quizów pasujących do podanych kryteriów
Rozkład punktacji
Procent ludzi z każdym wynikiem
Percentyl według liczby udzielonych odpowiedzi
Twoja historia wyników
Nie rozwiązałeś tego quizu